| Tag |
First Indicator |
Second Indicator |
Subfields |
| LEADER |
00000cam a2200000Ia 4500 |
| 001 |
in00003495430 |
| 005 |
20151206123521.0 |
| 008 |
141020s1836 fr 000 0 fre d |
| 035 |
|
|
|a (OCoLC)ocn893438657
|
| 035 |
|
|
|a (OCoLC)893438657
|
| 040 |
|
|
|a TXA
|c TXA
|d TXA
|d UtOrBLW
|
| 049 |
|
|
|a TXAM
|
| 090 |
|
|
|a PQ1222
|b .M33 1834b no. 12
|
| 100 |
1 |
|
|a Duport, Paul,
|d 1798-1866.
|
| 245 |
1 |
0 |
|a Coliche, ou, Un pamphlet sous m. de Maurepas :
|b comédie-vaudeville en un acte /
|c par mm. Paul Duport et Paul Foucher.
|
| 246 |
1 |
|
|i Binder's title:
|a Magasin theatral
|f [no.] 12, Année 1836
|
| 246 |
3 |
1 |
|a Coliche
|
| 246 |
3 |
1 |
|a Pamphlet sous m. de Maurepas
|
| 264 |
|
1 |
|a [Paris] :
|b [Marchant],
|c [1836?]
|
| 264 |
|
3 |
|a Paris :
|b Impr. de Ve Dondey-Dupré
|
| 300 |
|
|
|a 15 pages ;
|c 25 cm.
|
| 336 |
|
|
|a text
|b txt
|2 rdacontent
|
| 337 |
|
|
|a unmediated
|b n
|2 rdamedia
|
| 338 |
|
|
|a volume
|b nc
|2 rdacarrier
|
| 490 |
1 |
|
|a [Magasin théâtral ;
|v [t. 12]]
|
| 500 |
|
|
|a This item is number 6 in a volume of 18 theatrical plays bound together with spine title: Magasin theatral, 12, Année 1836.
|
| 500 |
|
|
|a Caption title.
|
| 500 |
|
|
|a "Représentée pour la premièr fois, à Paris, sur le théâtre du Palais-Royal, le 5 mars 1836."
|
| 700 |
1 |
|
|a Foucher, Paul,
|d 1810-1875,
|e author.
|
| 710 |
2 |
|
|a Théâtre du Palais-Royale (Paris, France)
|
| 830 |
|
0 |
|a Magasin théâtral ;
|v t. 12.
|
| 994 |
|
|
|a C0
|b TXA
|
| 999 |
|
|
|a MARS
|
| 999 |
f |
f |
|s 6ffb4f21-c060-3824-97bd-1d4979c37974
|i 93a0823a-dd2c-36b4-98c5-f6aee30672ce
|t 0
|
| 952 |
f |
f |
|p noncirc
|a Texas A&M University
|b College Station
|c Cushing Memorial Library & Archives
|d Cushing: Dawson French (Does not check out)
|t 0
|e PQ1222 .M33 1834b no. 12
|h Library of Congress classification
|i unmediated -- volume
|
| 998 |
f |
f |
|a PQ1222 .M33 1834b no. 12
|t 0
|l Cushing: Dawson French (Does not check out)
|